[Event "Open A"]
[Site "Voronezh RUS"]
[Date "2006.06.20"]
[Round "8"]
[White "Ter Karapetian,Al"]
[Black "Chernov,Vl2"]
[Result "1-0"]
[WhiteElo "2155"]
[BlackElo "2070"]

1.e4 c5 2.Nf3 Nc6 3.d4 cxd4 4.Nxd4 Nf6 5.Nc3 d6 6.Bg5 e6 7.Qd2 a6 8.O-O-O h6
9.Be3 Be7 10.f3 Nxd4 11.Bxd4 b5 12.Kb1 Bd7 13.Ne2 a5 14.Bxf6 gxf6 15.Nd4 Qb6
16.g4 b4 17.f4 a4 18.Bc4 Qc5 19.b3 Ra7 20.Rhe1 axb3 21.cxb3 O-O 22.Rc1 Qa5
23.Rc2 Rc8 24.Rb2 Bf8 25.f5 d5 26.exd5 exd5 27.Bd3 Rc3 28.h4 Bg7 29.Ne2 Qc5
30.Nxc3 bxc3 31.Qf2 d4 32.Rc2 Bc6 33.Bc4 Bf8 34.g5 fxg5 35.hxg5 hxg5 36.f6 Ra8
37.Bd3 Qd6 38.Qf5  1-0

[Event "Open A"]
[Site "Balatonlelle HUN"]
[Date "2006.06.22"]
[Round "6"]
[White "Szabo,Kr1"]
[Black "Enders,P"]
[Result "1/2-1/2"]
[WhiteElo "2469"]
[BlackElo "2443"]

1.e4 c5 2.Nf3 Nc6 3.d4 cxd4 4.Nxd4 Nf6 5.Nc3 d6 6.Bg5 e6 7.Qd2 a6 8.O-O-O Bd7
9.f4 b5 10.Bxf6 gxf6 11.Nxc6 Bxc6 12.Qe1 b4 13.Nd5 a5 14.f5 Bxd5 15.exd5 e5
16.Qh4 h5 17.Kb1 Ke7 18.Bb5 Qb6 19.Ba4 Bh6 20.Qxh5 Bf4 21.Qf3 Rxh2 22.Rxh2 Bxh2
23.Qe4 Qc5 24.Qg4 Bf4 25.Bc6 Rh8 26.Qe2 Rh2 27.Qg4 Kf8 28.Qf3 Qe3 29.a3 bxa3
30.bxa3 Qxf3 31.gxf3 Be3 32.Bb5 Rf2 33.Rf1 Rxf1+  1/2-1/2

[Event "IM"]
[Site "Balatonlelle HUN"]
[Date "2006.06.23"]
[Round "7"]
[White "Vas,P SWE"]
[Black "Brueggemann,Jo"]
[Result "1-0"]
[WhiteElo "2168"]
[BlackElo "2382"]

1.e4 c5 2.Nf3 Nc6 3.d4 cxd4 4.Nxd4 Nf6 5.Nc3 d6 6.Bg5 e6 7.Qd2 a6 8.O-O-O Bd7
9.f4 b5 10.Bxf6 gxf6 11.Kb1 Qb6 12.Nxc6 Bxc6 13.Qe1 O-O-O 14.Bd3 Rg8 15.Qh4 Rxg2
16.f5 b4 17.Ne2 e5 18.Ng3 Kb7 19.Qxf6 Rd7 20.Qh8 Bh6 21.Qxh7 Be3 22.f6 Qc5
23.Nf5 Bf4 24.Ne7 Ba4 25.b3 Bb5 26.Qh3 Rf2 27.Nd5 Rd8 28.Rdf1 Rd2 29.Rc1 Bxd3
30.cxd3 Qd4 31.Rc2 Rxd3 32.Qh5 Rd7 33.Rc4 Qf2 34.Rxb4+ Ka7 35.Qf5 Rc7 36.Nxc7 Rc3
37.Nb5+ axb5 38.Qd7+ Ka8 39.Qd8+ Ka7 40.Qa5+ Kb7 41.Qxb5+ Kc8 42.Qb7+ Kd8
43.Qe7+ Kc8 44.Qe8+ Kc7 45.Qxf7+  1-0

[Event "Open A"]
[Site "Balatonlelle HUN"]
[Date "2006.06.24"]
[Round "8"]
[White "Szabo,Kr1"]
[Black "Gonda,L"]
[Result "0-1"]
[WhiteElo "2469"]
[BlackElo "2465"]

1.e4 c5 2.Nf3 d6 3.d4 cxd4 4.Nxd4 Nf6 5.Nc3 Nc6 6.Bg5 e6 7.Qd2 a6 8.O-O-O Be7
9.f4 Nxd4 10.Qxd4 b5 11.h4 Bb7 12.Rh3 h6 13.Bxf6 Bxf6 14.Qxd6 Qxd6 15.Rxd6 Be7
16.Rd4 Bc5 17.Rd1 Ke7 18.Bd3 g5 19.f5 g4 20.Rhh1 b4 21.Na4 Be3+ 22.Kb1 exf5
23.exf5 Kf6 24.Rhe1 Bf2 25.Re2 g3 26.Rxf2 gxf2 27.Nc5 Bxg2 28.Nd7+ Ke7 29.f6+ Kxd7
30.Be4+ Kc7 31.Bxg2 Rae8 32.Kc1 Re1 33.Bf1 Rhe8  0-1

[Event "II Perla Baltyku"]
[Site "Mielno POL"]
[Date "2006.06.24"]
[Round "5"]
[White "Majdan,J"]
[Black "Shishkin,Va UKR"]
[Result "1/2-1/2"]
[WhiteElo "2297"]
[BlackElo "2541"]

1.e4 c5 2.Nf3 Nc6 3.d4 cxd4 4.Nxd4 Nf6 5.Nc3 d6 6.Bg5 Qb6 7.Nb3 e6 8.Bxf6 gxf6
9.Qd2 a6 10.O-O-O Bd7 11.f4 O-O-O 12.Be2 Rg8 13.g3 Be7 14.Rhf1 Kb8 15.Rf3 Rc8
16.Kb1 Rgd8 17.a3 Qc7 18.Na4 b5 19.Nc3 Qb6 20.Rd3 Rc7 21.Bf3 Bc8 22.Bh5 Bf8
23.Be2 Bb7 24.a4 Rdc8 25.axb5 axb5 26.Qe3 Qxe3 27.Rxe3 Na7 28.Na5 Rc5 29.Nxb7 Kxb7
30.Rd2 Kb6 31.Na2 R5c7 32.Rb3 Rc5 33.Re3 R5c7 34.Rb3 Rc5 35.Re3 Be7 36.Nc1 R5c7
37.Rb3 Rc5 38.Re3 R5c7  1/2-1/2

[Event "Open A"]
[Site "Balatonlelle HUN"]
[Date "2006.06.25"]
[Round "9"]
[White "Nabaty,T"]
[Black "Pataki,G"]
[Result "1/2-1/2"]
[WhiteElo "2156"]
[BlackElo "2375"]

1.e4 c5 2.Nf3 Nc6 3.d4 cxd4 4.Nxd4 Nf6 5.Nc3 d6 6.Bg5 e6 7.Qd2 a6 8.O-O-O Be7
9.f3 h6 10.Be3 Nxd4 11.Qxd4 Bd7 12.Kb1 b5 13.g4 Rb8 14.h4 b4  1/2-1/2

[Event "II Perla Baltyku"]
[Site "Mielno POL"]
[Date "2006.06.25"]
[Round "6"]
[White "Grabarczyk,B"]
[Black "Majdan,J"]
[Result "1-0"]
[WhiteElo "2475"]
[BlackElo "2297"]

1.e4 c5 2.Nf3 d6 3.d4 cxd4 4.Nxd4 Nf6 5.Nc3 Nc6 6.Bg5 e6 7.Qd2 a6 8.O-O-O Bd7
9.Be2 h6 10.Bh4 g5 11.Bg3 e5 12.Nb3 b5 13.f3 Rb8 14.h4 Rg8 15.hxg5 hxg5 16.Kb1 Be6
17.Bf2 b4 18.Nd5 a5 19.Be3 a4 20.Bxg5 Nxe4 21.fxe4 Qxg5 22.Nc7+ Kd8 23.Nxe6+ fxe6
24.Nc5 Qe7 25.Bc4 Nd4 26.Nxe6+ Nxe6 27.Qd5 Rg6 28.Rh8 Nc7 29.Qa5 a3 30.Qa7 Ra8
31.Qb6 Kc8 32.Rdh1 Rf6 33.R1h7 Qd8 34.Be6+  1-0

[Event "ITT Club Argentino"]
[Site "Buenos Aires ARG"]
[Date "2006.06.26"]
[Round "6"]
[White "Real de Azua,E"]
[Black "Goldwaser,C"]
[Result "1/2-1/2"]
[WhiteElo "2388"]
[BlackElo "2308"]

1.e4 c5 2.Nf3 d6 3.d4 cxd4 4.Nxd4 Nf6 5.Nc3 Nc6 6.Bg5 e6 7.Qd2 Be7 8.O-O-O O-O
9.f4 Nxd4 10.Qxd4 Qa5 11.Bc4 Bd7 12.e5 dxe5 13.fxe5 Bc6 14.Bd2 Bc5 15.Qh4 Nd7
16.Nd5 Qa4  1/2-1/2

[Event "II Perla Baltyku"]
[Site "Mielno POL"]
[Date "2006.06.27"]
[Round "8"]
[White "Kanarek,M"]
[Black "Mickiewicz,P"]
[Result "0-1"]
[WhiteElo "2130"]
[BlackElo "2364"]

1.e4 c5 2.Nf3 d6 3.d4 Nf6 4.Nc3 cxd4 5.Nxd4 Nc6 6.Bg5 e6 7.Qd2 Be7 8.O-O-O O-O
9.f4 Nxd4 10.Qxd4 Qa5 11.Be2 h6 12.h4 Rd8 13.Qe3 Bd7 14.Bxf6 Bxf6 15.Rxd6 Bxc3
16.Qxc3 Qxa2 17.Qa3 Qxa3 18.bxa3 Bc6 19.Rxd8+ Rxd8 20.Bd3 Rd4 21.Re1 f6 22.Re3 e5
23.f5 Kf8 24.Kb2 Ke7 25.Rg3 Kf8 26.Re3 b6 27.Kc3 Ke7 28.Rg3 Kf7 29.Re3 a5
30.Kb3 Ke7 31.Rg3 Kf8 32.Re3 b5 33.c3 Rd7 34.Rg3 Ke8 35.Kc2 Kd8 36.Re3 Kc7
37.Rg3 Kb6 38.Re3 Kc5 39.Rg3 Rc7 40.Kd2 Kd6 41.Rg6 Be8 42.Rg3 Kc5 43.Be2 Ra7
44.Kc2 Bf7 45.Rd3 Bc4 46.Rd2 Bxe2 47.Rxe2 b4 48.cxb4+ axb4 49.axb4+ Kxb4
50.Kb2 Ra3 51.Rd2 Re3 52.Rd7 Re2+ 53.Kc1 Rxg2 54.Rc7 h5 55.Kd1 Rg4 56.Kd2 Rxe4
57.Rxg7 Rf4 58.Kd3 Kc5 59.Rh7 Rxf5 60.Rh8 Kd5 61.Rd8+ Ke6 62.Rh8 Kf7 63.Ke3 Kg7  0-1

[Event "II Open"]
[Site "Sort ESP"]
[Date "2006.06.27"]
[Round "2"]
[White "Sharma,Di"]
[Black "Babaev,Ra"]
[Result "1/2-1/2"]
[WhiteElo "2379"]
[BlackElo "2481"]

1.e4 c5 2.Nf3 d6 3.d4 cxd4 4.Nxd4 Nf6 5.Nc3 Nc6 6.Bg5 e6 7.Qd2 a6 8.O-O-O Bd7
9.f4 h6 10.Bh4 g5 11.fxg5 Ng4 12.Nxc6 Bxc6 13.Qf4 hxg5 14.Bxg5 Qxg5 15.Qxg5 Bh6
16.Qxh6 Rxh6 17.Rxd6 Nf2 18.Rg1 Rxh2 19.Be2 Ke7 20.Rd2 Nxe4 21.Nxe4 Bxe4
22.Bf3 Bxf3 23.gxf3  1/2-1/2

[Event "III Open"]
[Site "Sanxenxo ESP"]
[Date "2006.07.02"]
[Round "8"]
[White "De la Villa Garcia,J"]
[Black "Perez,Lu"]
[Result "1/2-1/2"]
[WhiteElo "2461"]
[BlackElo "2414"]

1.e4 c5 2.Nf3 d6 3.d4 cxd4 4.Nxd4 Nf6 5.Nc3 Nc6 6.Bg5 e6 7.Qd2 a6 8.O-O-O h6
9.Be3 Bd7 10.f3 b5 11.Kb1 Ne5 12.Bd3 Qc7 13.Rhe1 b4 14.Nce2 d5 15.exd5 Nxd5
16.Nf4 Nxe3 17.Qxe3 Nxd3 18.Rxd3 Rc8 19.Nfxe6 Bxe6 20.Nxe6 fxe6 21.Qxe6+ Be7
22.Qg6+ Kf8 23.Rde3 Rd8 24.a3 Rd7 25.axb4 h5 26.Qf5+ Kg8 27.Qe6+ Kf8 28.Qf5+ Kg8
29.Qe6+ Kf8 30.Qf5+  1/2-1/2

[Event "35th TCh-GRE"]
[Site "Ermioni GRE"]
[Date "2006.07.05"]
[Round "3"]
[White "Klokas,K"]
[Black "Vragoteris,A"]
[Result "0-1"]
[WhiteElo "2193"]
[BlackElo "2336"]

1.e4 c5 2.Nf3 Nc6 3.d4 cxd4 4.Nxd4 Nf6 5.Nc3 d6 6.Bg5 Qb6 7.Bxf6 gxf6 8.Nb3 e6
9.Be2 Bd7 10.O-O Be7 11.Kh1 h5 12.Bxh5 O-O-O 13.f4 Rh7 14.Bf3 f5 15.exf5 Qe3
16.Bg4 Rdh8 17.Bh3 Rxh3 18.gxh3 Nb4 19.Nd4 Bf6 20.Ncb5 a6 21.fxe6 fxe6 22.Nxd6+ Kc7
23.Nf3 Bc6 24.Nc4 Qxf4 25.Qe2 Nxc2 26.Rac1 Rxh3 27.Nd2 Qf5 28.Rxc2 Qxc2 29.Qxe6 Rh6
30.Qe3 Rg6 31.Qf4+ Kc8 32.h4 Be7 33.Rg1 Bd6 34.Qe3 Qxd2  0-1

[Event "Open"]
[Site "Kavala GRE"]
[Date "2006.07.05"]
[Round "3"]
[White "Hajnal,Z"]
[Black "Jankovic,A"]
[Result "1-0"]
[WhiteElo "2430"]
[BlackElo "2525"]

1.e4 c5 2.Nf3 Nc6 3.d4 cxd4 4.Nxd4 Nf6 5.Nc3 d6 6.Bg5 e6 7.Qd2 a6 8.O-O-O Bd7
9.f3 h6 10.Be3 b5 11.Kb1 Ne5 12.Bd3 b4 13.Nce2 d5 14.exd5 Nxd5 15.Nf4 Nxe3
16.Qxe3 Bd6 17.Nh5 O-O 18.Be4 Rc8 19.f4 Ng6 20.Nb3 f5 21.Rxd6 fxe4 22.Qxe4 Qc7
23.Qxg6 Be8 24.Qxg7+ Qxg7 25.Nxg7 Kxg7 26.Nd4 Bf7 27.Rxe6 Rc4 28.Nf5+ Kg8
29.Nxh6+  1-0

[Event "56th ch-RUS w Top League"]
[Site "Orel RUS"]
[Date "2006.07.05"]
[Round "7"]
[White "Pogonina,N"]
[Black "Zakurdjaeva,I"]
[Result "1/2-1/2"]
[WhiteElo "2440"]
[BlackElo "2298"]

1.e4 c5 2.Nf3 Nc6 3.d4 cxd4 4.Nxd4 Nf6 5.Nc3 d6 6.Bg5 e6 7.Qd2 a6 8.O-O-O Bd7
9.Nxc6 Bxc6 10.Qe1 Qa5 11.Bh4 b5 12.Kb1 Be7 13.e5 dxe5 14.Qxe5 O-O 15.Bd3 h6
16.Ne4 Bxe4 17.Bxf6 Bxf6 18.Qxe4 Rfd8 19.f4 Rab8 20.g4 Qa4 21.Qh7+ Kf8 22.g5 hxg5
23.fxg5 Bxg5 24.Qh8+ Ke7 25.Qxg7 Bf6 26.Qh6 Qb4 27.Qc1 Rbc8 28.Rhf1 Qh4 29.Rf4 Qxh2
30.Rh1 Qg3 31.Rg1 Qh2 32.Rxf6 Rxd3 33.Rxf7+ Kd6 34.Rd1 Rd5 35.Rxd5+ Kxd5
36.b3 Kc6 37.Re7 Kd6 38.Ra7 Rc6 39.Qa3+ Ke5 40.Qb2+ Ke4 41.Qc1 Qf4 42.Qh1+ Qf3
43.Qh7+ Qf5 44.Qh4+ Qf4 45.Qh1+ Qf3 46.Qh7+ Qf5 47.Qh4+ Qf4 48.Qh7+  1/2-1/2

[Event "25th Open"]
[Site "St Veit AUT"]
[Date "2006.07.09"]
[Round "2"]
[White "Valent,P"]
[Black "Genser,H"]
[Result "0-1"]
[WhiteElo "2084"]
[BlackElo "2332"]

1.e4 c5 2.Nf3 d6 3.d4 cxd4 4.Nxd4 Nf6 5.Nc3 Nc6 6.Bg5 e6 7.Qd2 a6 8.O-O-O Nxd4
9.Qxd4 Be7 10.e5 dxe5 11.Qxe5 Bd7 12.Be2 Qc8 13.Be3 O-O 14.g4 Bc6 15.Rhg1 Nd5
16.g5 Nxe3 17.Qxe3 Qc7 18.Bd3 Qa5 19.Kb1 Qc5 20.Qg3 Rad8 21.h4 Qb6 22.Ne2 Bc5
23.Rgf1 Bb5 24.Nc1 Bxd3 25.Rxd3 Rxd3 26.Nxd3 Bd4 27.f4 Rd8 28.Qe1 g6 29.Qb4 Qxb4
30.Nxb4 Bf2 31.Nd3 Bd4 32.c3 Bxc3 33.Nc5 Bg7 34.b4 Rd2 35.a3 Rb2+ 36.Kc1 Ra2
37.Rf3 Bb2+ 38.Kb1 Rxa3 39.Rxa3 Bxa3 40.Nd3 a5 41.bxa5 Bd6 42.Kc2 Bc7  0-1

[Event "XXIV Andorra Open"]
[Site "Andorra la Vella AND"]
[Date "2006.07.10"]
[Round "3"]
[White "Spraggett,K"]
[Black "Sareen,V"]
[Result "0-1"]
[WhiteElo "2577"]
[BlackElo "2396"]

1.e4 c5 2.Nf3 d6 3.d4 cxd4 4.Nxd4 Nf6 5.Nc3 Nc6 6.Bg5 e6 7.Qd2 a6 8.O-O-O Bd7
9.f3 Be7 10.Kb1 Qa5 11.Be3 h5 12.h3 h4 13.Qf2 Qc7 14.f4 b5 15.Bd3 Nxd4 16.Bxd4 b4
17.Ne2 e5 18.Be3 Bc6 19.fxe5 dxe5 20.Rhf1 a5 21.g4 O-O 22.g5 Nh5 23.Qxh4 g6
24.Ng3 Nxg3 25.Qxg3 a4 26.Bd2 Bd7 27.h4 Be6 28.Rc1 Rfd8 29.h5 Qd6 30.Be3 Bxa2+
31.Kxa2 b3+ 32.Kb1 a3 33.Bc4 axb2 34.cxb3 Ra1+ 35.Kc2 bxc1=Q+ 36.Bxc1 Ra2+
37.Kb1 Qd4  0-1

[Event "Open A"]
[Site "Oberwart AUT"]
[Date "2006.07.10"]
[Round "3"]
[White "Luther,T"]
[Black "Danner,G"]
[Result "1-0"]
[WhiteElo "2589"]
[BlackElo "2411"]

1.e4 c5 2.Nf3 d6 3.d4 cxd4 4.Nxd4 Nf6 5.Nc3 Nc6 6.Bg5 e6 7.Qd2 Be7 8.O-O-O Nxd4
9.Qxd4 O-O 10.h4 Ne8 11.Kb1 Bxg5 12.hxg5 Qxg5 13.Bb5 e5 14.Qd3 Be6 15.g3 a6
16.Bxe8 Rfxe8 17.Qxd6 b5 18.f4 exf4 19.gxf4 Qe7 20.Qd3 Rad8 21.Nd5 Bxd5 22.exd5 Qe4
23.Qd2 Qf5 24.a3 Rd6 25.Rhe1 Rxe1 26.Qxe1 h5 27.Qe5 Qxe5 28.fxe5 Rd8 29.b3 Kf8
30.c4 bxc4 31.bxc4 Rc8 32.d6 Rb8+ 33.Kc2 Ke8 34.Kd3 Kd7 35.Kd4 Kc6 36.Rh1 f6
37.exf6 gxf6 38.c5 Rb3 39.Rxh5  1-0

[Event "XXIV Andorra Open"]
[Site "Andorra la Vella AND"]
[Date "2006.07.12"]
[Round "5"]
[White "Fluvia Poyatos,J"]
[Black "Recuero Guerra,D"]
[Result "1/2-1/2"]
[WhiteElo "2467"]
[BlackElo "2396"]

1.e4 c5 2.Nf3 d6 3.d4 cxd4 4.Nxd4 Nf6 5.Nc3 Nc6 6.Bg5 e6 7.Qd2 Be7 8.O-O-O O-O
9.f4 Nxd4 10.Qxd4 Qa5 11.Bc4 b5 12.Bxb5 Rb8 13.e5 dxe5 14.fxe5 Rxb5 15.exf6 Rb4
16.Qe3 Bc5 17.Qg3 Bf2 18.Qxf2 Qxg5+ 19.Kb1 Qxf6 20.Qxf6 gxf6 21.Rd3 f5  1/2-1/2

[Event "6th TCh-Euro u18"]
[Site "Balatonlelle HUN"]
[Date "2006.07.12"]
[Round "1"]
[White "Jurcik,Mart"]
[Black "Gonda,L"]
[Result "1/2-1/2"]
[WhiteElo "2309"]
[BlackElo "2447"]

1.e4 c5 2.Nf3 d6 3.d4 cxd4 4.Nxd4 Nf6 5.Nc3 Nc6 6.Bg5 e6 7.Qd2 a6 8.O-O-O Bd7
9.f3 Be7 10.h4 Rc8 11.Kb1 b5 12.Nxc6 Bxc6 13.Ne2 h6 14.Be3 d5 15.e5 Nd7 16.f4 Nc5
17.Qe1 Ne4 18.Nd4 Bc5 19.Bd3 Qb6 20.Bxe4 dxe4 21.f5 Bd5 22.fxe6 fxe6 23.Qg3 O-O
24.Bxh6 Qc7 25.c3 b4 26.Rc1 Qd7 27.c4 Bxd4  1/2-1/2

[Event "Open"]
[Site "Condom FRA"]
[Date "2006.07.12"]
[Round "6"]
[White "Meijers,V"]
[Black "Adam,Et"]
[Result "1-0"]
[WhiteElo "2474"]
[BlackElo "2068"]

1.e4 c5 2.Nf3 d6 3.d4 cxd4 4.Nxd4 Nf6 5.Nc3 Nc6 6.Bg5 Bd7 7.Be2 Qa5 8.Bxf6 gxf6
9.O-O Nxd4 10.Qxd4 Rc8 11.Nd5 Qc5 12.c3 Qxd4 13.cxd4 Rc2 14.Bd3 Rxb2 15.Rab1 Rxb1
16.Rxb1 Bc8 17.a4 Bg7 18.f4 e6 19.Nc7+ Kd7 20.Rc1 Rf8 21.a5 f5 22.e5 dxe5
23.dxe5 Bh8 24.Nb5 a6 25.Na7  1-0

[Event "16th Heart of Finland Open"]
[Site "Jyvaskyla FIN"]
[Date "2006.07.12"]
[Round "2"]
[White "Joentausta,H"]
[Black "Yrjola,J"]
[Result "1/2-1/2"]
[WhiteElo "2150"]
[BlackElo "2398"]

1.e4 c5 2.Nf3 Nc6 3.d4 cxd4 4.Nxd4 Nf6 5.Nc3 d6 6.Bg5 e6 7.Bb5 Bd7 8.Bxc6 bxc6
9.Qf3 h6 10.Bh4 e5 11.Nf5 Bxf5 12.Qxf5 Qd7 13.Qxd7+ Nxd7 14.f3 Be7 15.Bf2 Bd8
16.O-O-O Ke7 17.Rd3 Bb6 18.Bxb6 Nxb6 19.Rhd1 Rad8 20.b3 g6 21.g3 f5 22.Re1 Kf6
23.f4 Rhe8 24.Red1 Nc8 25.fxe5+ Rxe5 26.exf5 gxf5 27.Na4 h5 28.c4 h4 29.Nc3 hxg3
30.hxg3 Rh8 31.R1d2 Rh1+ 32.Kc2 Kg5 33.Ne2 Kg4 34.Nd4 Ne7 35.Nf3 Re4 36.Nh2+ Kh3
37.g4+ Kh4 38.gxf5 Nxf5 39.Nf3+ Kg4 40.Nd4 Ne3+ 41.Kb2 d5  1/2-1/2

[Event "XXIV Andorra Open"]
[Site "Andorra la Vella AND"]
[Date "2006.07.13"]
[Round "6"]
[White "Recuero Guerra,D"]
[Black "Spraggett,K"]
[Result "0-1"]
[WhiteElo "2396"]
[BlackElo "2577"]

1.e4 c5 2.Nf3 d6 3.d4 cxd4 4.Nxd4 Nf6 5.Nc3 Nc6 6.Bg5 e6 7.Qd2 Qb6 8.O-O-O Be7
9.f3 a6 10.Be3 Qc7 11.g4 Nd7 12.g5 b5 13.Nxc6 Qxc6 14.Kb1 Bb7 15.h4 Ne5 16.Qf2 Rc8
17.Rc1 O-O 18.Rg1 Nc4 19.Bxc4 Qxc4 20.h5 f5 21.g6 h6 22.Qd2 Bf6 23.Bxh6 fxe4
24.Bxg7 Bxg7 25.h6 Bxc3 26.h7+ Kg7 27.Qxd6 Qc7 28.Qxe6 Rce8 29.Qh3 Bf6 30.Rh1 Kh8
31.f4 e3 32.Rhg1 Kg7 33.f5 Qe5  0-1

[Event "Open A"]
[Site "Banska Stiavnica SVK"]
[Date "2006.07.13"]
[Round "6"]
[White "Berescu,A"]
[Black "Mikita,J"]
[Result "0-1"]
[WhiteElo "2491"]
[BlackElo "2271"]

1.e4 c5 2.Nf3 d6 3.d4 cxd4 4.Nxd4 Nf6 5.Nc3 Nc6 6.Bg5 e6 7.Qd2 a6 8.O-O-O h6
9.Nxc6 bxc6 10.Bf4 d5 11.Qe3 Bb4 12.Be2 O-O 13.e5 Nh7 14.Kb1 Rb8 15.Ka1 c5
16.Nb1 Qb6 17.c4 Bb7 18.h4 d4 19.Qc1 Be4 20.f3 Bxb1 21.Qxb1 Rfd8 22.Bd3 Nf8
23.h5 Qc7 24.Qc1 Ba5 25.Rh4 Rxb2 26.Kxb2 Bc3+ 27.Kc2 Qa5 28.Be4 Qxa2+ 29.Kd3 Rb8
30.Bd2 Nd7 31.f4 Bxd2 32.Qxd2 Rb3+ 33.Ke2 Rb2 34.Bd3 Nb6 35.Qxb2 Qxb2+ 36.Rd2 Qc1
37.Rh3 Na4 38.Bc2 Nb2 39.Rb3 g6 40.Rxb2 Qxb2 41.hxg6 Qc3 42.gxf7+ Kxf7 43.Bd3 Qc1  0-1

[Event "ch-SVK"]
[Site "Banska Stiavnica SVK"]
[Date "2006.07.13"]
[Round "6"]
[White "Meszaros,Mi"]
[Black "Plachetka,J"]
[Result "0-1"]
[WhiteElo "2420"]
[BlackElo "2427"]

1.e4 c5 2.Nf3 d6 3.d4 cxd4 4.Nxd4 Nf6 5.Nc3 Nc6 6.Bg5 e6 7.Qd2 Qb6 8.Nb3 a6
9.Bd3 Be7 10.O-O O-O 11.Kh1 Qc7 12.a4 b6 13.Rae1 Bb7 14.Be3 Ne5 15.f4 Nc4
16.Qc1 Rac8 17.Bg1 Nxb2 18.Qxb2 Qxc3 19.Qxc3 Rxc3 20.Bxb6 Rb8 21.Ba7 Ra8
22.Bd4 Rc7 23.Na5 Bc8 24.Bb6 Rd7 25.Nc6 Bf8 26.c4 Rb7 27.a5 Bd7 28.Nb4 d5
29.c5 dxe4 30.Bxe4 Nxe4 31.Rxe4 Bb5 32.Rc1 Rc8 33.c6 f5 34.cxb7 Rxc1+ 35.Bg1 fxe4
36.b8=Q e3 37.Na2 e2 38.Nxc1 e1=Q 39.Qc7 h6 40.Nb3 Qe4 41.Qe5 Qxe5 42.fxe5 Bc4
43.Nc5 Kf7 44.h4 Kg6 45.g3 Kf5 46.Kg2 Be7 47.Bd4 Bd8 48.Bc3 Bc7 49.Kf3 h5
50.Nd7 Bb5 51.Nf8 Be8 52.Nh7 Bxe5 53.Bxe5 Kxe5 54.g4 hxg4+ 55.Kxg4 Bc6 56.h5 Be4
57.Nf8 Kd6 58.Kg5 e5 59.h6 gxh6+ 60.Kxh6 Ke7 61.Kg5 Bb1  0-1

[Event "6th TCh-Euro u18"]
[Site "Balatonlelle HUN"]
[Date "2006.07.14"]
[Round "3"]
[White "Krstic,P"]
[Black "Bogosavljevic,B"]
[Result "0-1"]
[WhiteElo "2203"]
[BlackElo "2302"]

1.e4 c5 2.Nf3 Nc6 3.d4 cxd4 4.Nxd4 Nf6 5.Nc3 d6 6.Bg5 Qb6 7.Nb3 e6 8.Bf4 Ne5
9.Be3 Qc7 10.f4 Ned7 11.g4 h6 12.Qf3 a6 13.Bg2 Rb8 14.h4 h5 15.g5 Ng4 16.Ba7 Ra8
17.Bd4 b5 18.O-O-O Bb7 19.Bh3 b4 20.Ne2 e5 21.Bg1 Rc8 22.Rd2 a5 23.Kb1 a4
24.Nbc1 Qc4 25.Ng3 a3 26.Bxg4 hxg4 27.Qxg4 axb2 28.Nb3 Bxe4 29.Nxe4 Qxe4
30.Rhh2 Qxf4 31.Qxf4 exf4 32.Bd4 Ne5 33.Rdf2 Be7 34.Rxf4 Bxg5 35.Bxe5 dxe5
36.Rxb4 Bf4 37.Rh1 g5 38.h5 g4 39.Re4 f5 40.Re2 Kf7 41.a4 g3 42.a5 Rh6 43.Kxb2 Kf6
44.Ra1 Rxh5 45.a6 Rh2 46.Rxh2 gxh2  0-1

[Event "16th Heart of Finland Open"]
[Site "Jyvaskyla FIN"]
[Date "2006.07.15"]
[Round "8"]
[White "Sarakauskiene,Z"]
[Black "Yrjola,J"]
[Result "1-0"]
[WhiteElo "2158"]
[BlackElo "2398"]

1.e4 c5 2.Nf3 Nc6 3.d4 cxd4 4.Nxd4 Nf6 5.Nc3 d6 6.Bg5 e6 7.Qd2 a6 8.O-O-O Bd7
9.f4 Be7 10.Nf3 b5 11.Bxf6 gxf6 12.Bd3 Qa5 13.Kb1 b4 14.Ne2 Qc5 15.f5 a5
16.Nf4 a4 17.fxe6 fxe6 18.Be2 Rb8 19.Nd3 Qa5 20.Qh6 Kd8 21.Qg7 Kc7 22.Nf4 Rbe8
23.Bc4 Nd8 24.Nd4 Qe5 25.Qg4 Rhg8 26.Qf3 Bf8 27.c3 Nc6 28.Nb5+ Kd8 29.Nd3 Qg5
30.cxb4 Qxg2 31.Qxf6+ Be7 32.Qf4 Ref8 33.Qe3 Bf6 34.Rdg1 Ke7 35.Rxg2 Rxg2
36.Rg1 Rfg8 37.Rxg2 Rxg2 38.Qh3 Rg7 39.a3 Ne5 40.Nxe5 Bxe5 41.Nc3 Rg1+  1-0

[Event "3rd ACT"]
[Site "Amsterdam NED"]
[Date "2006.07.16"]
[Round "2"]
[White "Van Vliet,J"]
[Black "Pliester,L"]
[Result "1/2-1/2"]
[WhiteElo "2250"]
[BlackElo "2391"]

1.e4 c5 2.Nf3 Nc6 3.d4 cxd4 4.Nxd4 Nf6 5.Nc3 d6 6.Bg5 e6 7.Qd2 a6 8.O-O-O Bd7
9.f4 b5 10.Nxc6 Bxc6 11.Bd3 Qa5 12.Bxf6 gxf6 13.Rhe1 Be7 14.Kb1 b4 15.Ne2 Qc5
16.Nc1 a5 17.Nb3 Qb6 18.Bc4 Bb5 19.Bxb5+ Qxb5 20.Nd4 Qc4 21.f5 e5 22.Nf3 Rg8
23.g3 Rg4 24.Qe2 Qxe2 25.Rxe2 Kd7 26.Rd3 Bd8 27.Nd2 Bb6 28.Nc4 Bc5 29.h3 Rgg8
30.Red2 Ra6 31.Kc1 h5 32.Kd1 Rc8 33.Ke2 a4 34.b3 axb3 35.axb3 Rcc6 36.g4 hxg4
37.hxg4 Ke7 38.Rh3 Rc8 39.Rh1 Raa8 40.Kf3 Rh8 41.Rdh2 Rxh2 42.Rxh2 Ra1 43.Ne3 Bxe3
44.Kxe3 Ra8 45.Kd2 Rg8 46.Rg2 d5 47.exd5 Kd6 48.Ke3 Kxd5 49.Rd2+ Kc6 50.Rh2 Kd6
51.Rd2+ Ke7 52.Rg2 Rc8 53.Kd3 Rc6 54.Ke3 Rc3+ 55.Ke4 Rh3 56.Kd5 Rf3 57.Re2 Rf4
58.Re4 Rxe4 59.Kxe4 Kd6 60.Kd3 Kd5 61.c4+ bxc3 62.Kxc3 Ke4 63.b4 Kf3 64.Kd2 Ke4
65.Kc3 Kf3 66.Kd2  1/2-1/2

[Event "6th TCh-Euro u18"]
[Site "Balatonlelle HUN"]
[Date "2006.07.16"]
[Round "5"]
[White "Saric,Iv"]
[Black "Boros,De"]
[Result "0-1"]
[WhiteElo "2394"]
[BlackElo "2462"]

1.e4 c5 2.Nf3 d6 3.d4 cxd4 4.Nxd4 Nf6 5.Nc3 Nc6 6.Bg5 Bd7 7.Nb3 e6 8.f4 h6
9.Bh4 Be7 10.Be2 Nxe4 11.Nxe4 Bxh4+ 12.g3 d5 13.Nd6+ Ke7 14.Nxb7 Qc7 15.N7c5 Bf6
16.c3 Rhd8 17.O-O Na5 18.f5 Nxb3 19.Nxb3 Qb6+ 20.Rf2 Bg5 21.fxe6 Bxe6 22.Kg2 Bh3+
23.Kxh3 Qxf2 24.Qd3 Bf6 25.Rf1 Qb6 26.Bg4 g6 27.Qe2+ Kf8 28.Nd4 Kg7 29.Qf3 Rf8
30.Ne2 Rad8 31.Nf4 h5 32.Bxh5 Rh8 33.Kg2 gxh5 34.Nxh5+ Rxh5 35.Qxh5 Qe6 36.Rf5 Qe4+
37.Rf3 d4 38.cxd4 Rd5 39.Qh3 Rxd4 40.Qf5 Rd2+ 41.Kh3 Qxf5+ 42.Rxf5 Rxb2 43.Ra5 Bd4
44.a4 Kg6 45.g4 Bg1 46.Kg3 Bxh2+  0-1

[Event "XI Open"]
[Site "Balaguer ESP"]
[Date "2006.07.17"]
[Round "1"]
[White "Grover,S"]
[Black "Mamedov,Nid"]
[Result "1/2-1/2"]
[WhiteElo "2024"]
[BlackElo "2521"]

1.e4 c5 2.Nf3 d6 3.d4 cxd4 4.Nxd4 Nf6 5.Nc3 Nc6 6.Bg5 e6 7.Qd2 Qb6 8.O-O-O a6
9.f4 Qxd4 10.Qxd4 Nxd4 11.Rxd4 Be7 12.Be2 Bd7 13.Rhd1 Bc6 14.Bf3 h6 15.Bh4 g5
16.fxg5 Nd7 17.Bg3 hxg5 18.Nd5 Bxd5 19.exd5 e5 20.Rb4 f5 21.Rxb7 e4 22.Be2 f4
23.Bf2 Rxh2 24.Rg1 Ne5 25.Bd4 Bf6 26.Kd1 Kf8 27.Bxe5 Bxe5 28.c3 a5 29.Bg4 Re8
30.Be6 Re7 31.Rxe7 Kxe7 32.Bf5 e3 33.Ke2 Rh8 34.Rc1 Kf6 35.Be6 Rb8 36.Rc2 Rb7
37.Kf3 Rh7 38.Rc1 Rb7 39.Rc2 Rc7 40.Rc1 Kg6 41.Rc2 a4 42.a3 Bd4 43.Re2 Bc5
44.Rc2 Kf6 45.Re2 Ke5 46.Rc2 Rh7 47.Rc1 Rb7 48.Rc2 Re7 49.Re2 g4+ 50.Bxg4 Kxd5
51.Kxf4 Kc4 52.Bf5 d5 53.g4 d4 54.cxd4 Bxd4 55.Bc2 Bxb2 56.Bxa4 Bxa3 57.g5 Bd6+
58.Kf3 Kd4 59.g6 Re4 60.Rc2  1/2-1/2

[Event "Inautomarket Open"]
[Site "Minsk BLR"]
[Date "2006.07.17"]
[Round "8"]
[White "Firman,N"]
[Black "Gasanov,E"]
[Result "1-0"]
[WhiteElo "2499"]
[BlackElo "2443"]

1.e4 c5 2.Nf3 Nc6 3.d4 cxd4 4.Nxd4 Nf6 5.Nc3 d6 6.Bg5 Qb6 7.Nb3 e6 8.Qd2 Be7
9.O-O-O O-O 10.h4 Rd8 11.Qe2 a6 12.g4 Qc7 13.Bd2 d5 14.g5 d4 15.gxf6 dxc3
16.fxe7 cxd2+ 17.Rxd2 Qxe7 18.Rxd8+ Qxd8 19.Qe3 e5 20.Bc4 Qf6 21.Nc5 b6 22.Nd3 Nd4
23.f4 exf4 24.Nxf4 b5 25.Bd5 Ra7 26.Rh2 Rc7 27.e5 Qb6 28.Rd2 Bf5 29.Rxd4 Rxc2+
30.Kd1 Rxb2 31.Bxf7+ Kf8 32.Qa3+  1-0

[Event "Inautomarket Open"]
[Site "Minsk BLR"]
[Date "2006.07.17"]
[Round "8"]
[White "Shaposhnikov,E"]
[Black "Lutsko,I"]
[Result "1-0"]
[WhiteElo "2547"]
[BlackElo "2452"]

1.e4 c5 2.Nf3 d6 3.d4 cxd4 4.Nxd4 Nf6 5.Nc3 Nc6 6.Bg5 e6 7.Qd2 a6 8.O-O-O Bd7
9.f3 Be7 10.h4 Rc8 11.Kb1 Nxd4 12.Qxd4 h6 13.Be3 e5 14.Qd2 Be6 15.g3 b5 16.a3 O-O
17.g4 Nd7 18.g5 h5 19.Nd5 Nc5 20.Bh3 Rc6 21.g6 a5 22.Rdg1 b4 23.gxf7+ Rxf7
24.axb4 axb4 25.Nxb4 Rc8 26.Bxe6 Nxe6 27.Nd5 Ra8 28.Rg6 Nf8 29.Nxe7+ Qxe7
30.Rxd6 Rxf3 31.Qd5+ Kh7 32.Bc5 Qe8 33.Rg1 Qa4 34.Rxg7+ Kxg7 35.Qxe5+ Kg8
36.Qg5+ Kh8 37.Bd4+  1-0

[Event "Blue Sevan"]
[Site "Sevan ARM"]
[Date "2006.07.17"]
[Round "5"]
[White "Harutjunyan,G"]
[Black "Janjgava,L"]
[Result "0-1"]
[WhiteElo "2383"]
[BlackElo "2479"]

1.e4 c5 2.Nf3 d6 3.d4 cxd4 4.Nxd4 Nf6 5.Nc3 Nc6 6.Bg5 e6 7.Bb5 Bd7 8.Bxc6 bxc6
9.Qf3 Rc8 10.O-O-O Be7 11.Nde2 Qa5 12.Bxf6 gxf6 13.Rd3 O-O 14.Rhd1 Qg5+ 15.Kb1 Rcd8
16.Ng3 Kh8 17.h4 Qh6 18.Rxd6 Bxd6 19.Rxd6 Bc8 20.Rxc6 Qxh4 21.Rc5 f5 22.exf5 exf5
23.b3 Qg4 24.Qc6 Be6 25.Nxf5 Qf4 26.Ne3 Qxf2 27.Qe4 Qf6 28.Rh5 Qg6 29.Qh4 f6
30.Ne2 Bc8 31.Nf4 Qg7 32.Rh6 Rd4 33.Ned5 Bf5 34.g4 Rd8 35.gxf5 R8xd5 36.Qh2 Rd2
37.Ng6+ Kg8 38.Qb8+ Rd8 39.Qf4 R2d4 40.Qe3 R4d6 41.Qf4 Rc6 42.Qe4 Qxh6 43.Ne7+ Kh8
44.Nxc6 Rd1+ 45.Kb2 Qc1+ 46.Kc3 Qd2+ 47.Kb2 Re1 48.Qh4 Qc1+ 49.Kc3 Re3+ 50.Kb4 Qe1+
51.Qxe1 Rxe1 52.c4 h5 53.Nd4 Re4 54.Nf3 Rf4 55.Ng1 Rf1 56.Ne2 h4 57.c5 Re1
58.Nd4 Re4 59.Kc3 h3  0-1